[Event "Biel Rapid op 58th"]
[Site "Biel"]
[Date "2025.07.13"]
[Round "4"]
[White "Bachmann, Daniel"]
[Black "Doxarve, Nils"]
[Result "0-1"]
[WhiteElo "1766"]
[BlackElo "2048"]
[PlyCount "70"]
[EventDate "2025.07.13"]
[EventType "swiss (rapid)"]
[EventRounds "9"]
[EventCountry "SUI"]
[SourceTitle "CB29_2025"]
[SourceDate "2025.07.16"]
[SourceVersion "1"]
[SourceVersionDate "2025.07.16"]
[SourceQuality "1"]

1. e4 e5 2. Nc3 Nf6 3. f4 d5 4. fxe5 Nxe4 5. Qf3 Nc6 6. Bb5 Nxc3 7. dxc3 a6 8. Bxc6+ bxc6 9. Qg3 Qd7 10. Bf4 Qg4 11. Qxg4 Bxg4 12. h3 Bh5 13. g4 Bg6 14. 0-0-0 Be4 15. Rh2 Be7 16. Ne2 h5 17. Ng3 Bf3 18. Rd3 hxg4 19. Nf5 Be4 20. hxg4 Rxh2 21. Bxh2 Bxd3 22. cxd3 g6 23. Nd4 Bg5+ 24. Kc2 Kd7 25. Nf3 Rh8 26. Bg1 Bf4 27. Bd4 Rh3 28. Ng1 Rg3 29. Kb3 Rxg4 30. Ka4 Bxe5 31. Nf3 Bxd4 32. cxd4 Rf4 33. Ne5+ Kd6 34. Ka5 g5 35. Kxa6 c5 0-1

[Event "Biel Rapid op 58th"]
[Site "Biel"]
[Date "2025.07.13"]
[Round "5"]
[White "Doxarve, Nils"]
[Black "Harish, Neeraj"]
[Result "0-1"]
[WhiteElo "2048"]
[BlackElo "2212"]
[PlyCount "160"]
[EventDate "2025.07.13"]
[EventType "swiss (rapid)"]
[EventRounds "9"]
[EventCountry "SUI"]
[SourceTitle "CB29_2025"]
[SourceDate "2025.07.16"]
[SourceVersion "1"]
[SourceVersionDate "2025.07.16"]
[SourceQuality "1"]

1. e4 c5 2. Nf3 e6 3. c4 Nc6 4. d4 cxd4 5. Nxd4 Nf6 6. Nc3 Bc5 7. Nb3 Bb4 8. Qc2 Bxc3+ 9. Qxc3 d6 10. f3 0-0 11. Be3 Qe7 12. 0-0-0 a5 13. g4 e5 14. Kb1 a4 15. Nc1 Be6 16. Ne2 Rfc8 17. Ng3 Na5 18. Nf5 Bxf5 19. gxf5 b5 20. Qb4 Nxc4 21. Bxc4 Rxc4 22. Qxb5 Rc7 23. Qb4 Ne8 24. Rhg1 Rb7 25. Qa3 Rab8 26. Rd2 Qh4 27. Bg5 Qh3 28. Qd3 h6 29. Rg3 Qh5 30. Be3 Qh4 31. Qa3 Rb4 32. Rc2 Qe7 33. Rg1 Qb7 34. Rgc1 Nf6 35. Bd2 Rb6 36. Bc3 Nd7 37. Qxa4 Ra6 38. Qc4 Rba8 39. b3 Qa7 40. Qe2 Nc5 41. Rb2 Kh7 42. Rd1 Qb7 43. Rdd2 R8a7 44. Qc4 Ra8 45. Qd5 Qe7 46. Bb4 Qh4 47. Bxc5 dxc5 48. Qxc5 Qe1+ 49. Qc1 Qe3 50. Qd1 R8a7 51. Rd3 Qb6 52. Rd5 f6 53. Rbd2 Ra3 54. Rd6 Qa5 55. Qe2 Rc7 56. Rc2 Rxc2 57. Qxc2 Qe1+ 58. Rd1 Qe3 59. Kb2 Ra8 60. Rd3 Qa7 61. a4 Rb8 62. Ka2 Qg1 63. Rc3 Qf1 64. Qc1 Qe2+ 65. Rc2 Qxf3 66. Qb2 Qxe4 67. Rc7 Qxf5 68. a5 e4 69. b4 e3 70. Rc5 Qe6+ 71. Ka3 e2 72. Qb1+ Kh8 73. Qe1 Qe3+ 74. Ka4 Rd8 75. Rc3 Qe8+ 76. Ka3 Rd1 77. Qg3 e1Q 78. Qxe1 Qxe1 79. a6 Ra1+ 80. Kb3 Rxa6 0-1

[Event "Biel Rapid op 58th"]
[Site "Biel"]
[Date "2025.07.13"]
[Round "9"]
[White "Doxarve, Nils"]
[Black "Trubini, Timon"]
[Result "1-0"]
[WhiteElo "2048"]
[BlackElo "1922"]
[PlyCount "73"]
[EventDate "2025.07.13"]
[EventType "swiss (rapid)"]
[EventRounds "9"]
[EventCountry "SUI"]
[SourceTitle "CB29_2025"]
[SourceDate "2025.07.16"]
[SourceVersion "1"]
[SourceVersionDate "2025.07.16"]
[SourceQuality "1"]

1. e4 c5 2. Nf3 d6 3. d4 cxd4 4. Nxd4 Nf6 5. Nc3 a6 6. h4 e5 7. Nb3 Be6 8. f4 exf4 9. Bxf4 Be7 10. Be2 Nc6 11. Qd2 Ne5 12. 0-0-0 0-0 13. Nd4 Bg4 14. Bxg4 Nfxg4 15. Nf5 Nc4 16. Qe2 Nge5 17. Bxe5 Nxe5 18. Nd5 Nc6 19. Ndxe7+ Nxe7 20. Rxd6 Qc7 21. Nxe7+ Qxe7 22. Qd3 Rad8 23. e5 f6 24. Rd1 Rxd6 25. exd6 Qd7 26. h5 Rd8 27. h6 g6 28. Qd5+ Qf7 29. c4 Qxd5 30. Rxd5 Kf7 31. c5 Ke6 32. Rd3 b6 33. b4 a5 34. cxb6 axb4 35. b7 Kd7 36. Rb3 Kxd6 37. Rd3+ 1-0

[Event "Biel Rapid op 57th"]
[Site "Biel"]
[Date "2024.07.14"]
[Round "5"]
[White "Doxarve, Nils"]
[Black "Roth, Martin"]
[Result "0-1"]
[WhiteElo "1999"]
[BlackElo "1973"]
[PlyCount "110"]
[EventDate "2024.07.14"]
[EventType "swiss (rapid)"]
[EventRounds "9"]
[EventCountry "SUI"]
[SourceTitle "EXT 2025"]
[Source "ChessBase"]
[SourceDate "2024.10.14"]
[SourceVersion "1"]
[SourceVersionDate "2024.10.14"]
[SourceQuality "1"]

1. e4 c5 2. Nf3 a6 3. c4 Nc6 4. d4 cxd4 5. Nxd4 Nf6 6. Nc3 e5 7. Nf3 Bb4 8. Bd3 d6 9. Bd2 0-0 10. h3 h6 11. 0-0 Bc5 12. a3 Be6 13. b4 Ba7 14. Nd5 Bxd5 15. exd5 Nd4 16. Bc3 Nxf3+ 17. Qxf3 Rc8 18. Rac1 g6 19. Rfe1 Nd7 20. Bd2 Kg7 21. Qe2 f5 22. Bc3 Qh4 23. c5 Kh7 24. cxd6 e4 25. Bb1 Rce8 26. Rcd1 Qf4 27. Bd4 Bxd4 28. Rxd4 Qxd6 29. Rc1 Rc8 30. Rdc4 Nb6 31. Rc5 Rcd8 32. Ba2 Rf7 33. Qd2 Nd7 34. Rc7 Ne5 35. Rxf7+ Nxf7 36. Qd4 Rd7 37. Rc8 Qe5 38. Qd1 Nd6 39. Rc1 f4 40. Qg4 Qf5 41. Qxf5 gxf5 42. Kf1 Kg6 43. Ke2 Kf6 44. Rc5 Ke5 45. a4 Rg7 46. Kf1 e3 47. fxe3 fxe3 48. Bb3 f4 49. b5 axb5 50. axb5 Ne4 51. Rc2 Nd2+ 52. Kg1 Nxb3 53. b6 Kd6 54. Rc3 Nc5 55. g4 Kxd5 0-1